Curso superior de sintaxis española

Na minha lista:
Detalhes bibliográficos
Autor principal: Gili y Gaya, Samuel
Formato: Livro
Idioma:Undetermined
Publicado em: Barcelona, España Spes 1958
Edição:6
Assuntos:
Tags: Adicionar Tag
Sem tags, seja o primeiro a adicionar uma tag!

MARC

LEADER 00000nam a2200000Ia 4500
008 170316s9999 xx 000 0 und d
090 |a 415-E G-5c 
100 |a Gili y Gaya, Samuel 
245 |a Curso superior de sintaxis española 
250 |a 6 
260 |a Barcelona, España 
260 |b Spes 
260 |c 1958 
300 |a 317 páginas 
650 |a GRAMÁTICA ESPAÑOLA 
999 |c 18964  |d 18964 
040 |a cru BVZT 
942 |c 15 D  |h 415-E G-5c  |2 z